000
00321 a2200145 4500
001
169536
020
_a
040
_c
Magnum
100
_a
Hurlock, Elizabeth B.
240
1
0
_a
Desenvolvimento do adolescente
_l
por
245
1
0
_a
Desenvolvimento do adolescente
362
0
_a
1899
697
_a
PSICOLOGIA
942
_c
BK
999
_c
169536
_d
169536